000 00778nam a2200241Ia 4500
003 GCL
008 140319s9999 xx 000 0 ara d
020 _a?068610097
040 _aGCL /
_cGCL
082 0 4 _a301.24
_bم غ
100 1 _aمحمد سيد محمد
245 1 0 _aالغزو الثقافى والمجتمع العربى المعاصر /
_cمحمد سيد محمد
250 _aالاولى
260 _aالقاهرة :
_bدار الفكر العربى ،
_c1994
300 _a399 ص ؛
_c24 سم
490 _a
650 0 4 _aالثقافة
650 0 4 _aالتغير الاجتماعى
650 0 4 _aالتطور الاجتماعى
650 0 4 _aالمجتمع العربى
650 0 4 _aالعالم العربى - الثقافة
942 _2ddc
_cBK
999 _c27507
_d27507